Computer graphics (Record no. 5082)

MARC details
000 -LEADER
fixed length control field 00416nam a22001697a 4500
005 - DATE AND TIME OF LATEST TRANSACTION
control field 20180208153618.0
008 - FIXED-LENGTH DATA ELEMENTS--GENERAL INFORMATION
fixed length control field 160701b xxu||||| |||| 00| 0 eng d
020 ## - INTERNATIONAL STANDARD BOOK NUMBER
ISBN 978-81-775-8765-4
041 ## - LANGUAGE CODE
Language code of text/sound track or separate title eng
082 ## - DEWEY DECIMAL CLASSIFICATION NUMBER
Item number 20452
Classification number 006.6
100 ## - MAIN ENTRY--AUTHOR NAME
Personal name Hearam, Donatt D & Bakar M Pouline
245 ## - TITLE STATEMENT
Title Computer graphics
260 ## - PUBLICATION, DISTRIBUTION, ETC. (IMPRINT)
Name of publisher Pearson
300 ## - PHYSICAL DESCRIPTION
Number of Pages 645
650 ## - SUBJECT ADDED ENTRY--TOPICAL TERM
Topical Term Information Technology
942 ## - ADDED ENTRY ELEMENTS (KOHA)
Koha item type Books
Holdings
Lost status Damaged status Collection code Home library Current library Shelving location Date acquired Cost, normal purchase price Full call number Accession Number Koha item type
    CS/IT JRU Library JRU Library SHELF-53-C 01/07/2016 879.00 006.6 20452 Books
    CS/IT JRU Library JRU Library SHELF-53-C 01/07/2016 879.00 006.6 20453 Books
    CS/IT JRU Library JRU Library SHELF-53-C 01/07/2016 879.00 006.6 20454 Books
    CS/IT JRU Library JRU Library SHELF-53-C 01/07/2016 879.00 006.6 20455 Books
    CS/IT JRU Library JRU Library SHELF-53-C 01/07/2016 879.00 006.6 20456 Books
    CS/IT JRU Library JRU Library SHELF-53-C 01/07/2016 879.00 006.6 20457 Books
    CS/IT JRU Library JRU Library SHELF-53-C 01/07/2016 879.00 006.6 20458 Books
    CS/IT JRU Library JRU Library SHELF-53-C 01/07/2016 879.00 006.6 20459 Books
    CS/IT JRU Library JRU Library SHELF-53-C 01/07/2016 879.00 006.6 20460 Books
Lost and Paid For     JRU Library JRU Library SHELF-5-E 01/07/2016 879.00 20452 20461 Books
    CS/IT JRU Library JRU Library SHELF-53-C 01/07/2016 879.00 006.6 20462 Books
    CS/IT JRU Library JRU Library SHELF-53-C 01/07/2016 879.00 006.6 20463 Books
    CS/IT JRU Library JRU Library SHELF-53-C 01/07/2016 879.00 006.6 20464 Books
      JRU Library   SHELF-5-E 01/07/2016 879.00 20452 20465 Books
    CS/IT JRU Library JRU Library SHELF-53-C 01/07/2016 879.00 006.6 20466 Books
    CS/IT JRU Library JRU Library SHELF-53-C 01/07/2016 879.00 006.6 20467 Books
    CS/IT JRU Library JRU Library SHELF-53-C 01/07/2016 879.00 006.6 20468 Books
      JRU Library   SHELF-5-E 01/07/2016 879.00 20452 20469 Books
    CS/IT JRU Library JRU Library SHELF-53-C 01/07/2016 879.00 006.6 20470 Books
    CS/IT JRU Library JRU Library SHELF-53-E 01/07/2016 879.00 20452 20471 Books